Guess the Taylor swift album by photo (Medium) - Statistics

General Stats
  • This quiz has been taken 47 times
  • The average score is 5 of 6
Answer Stats
Picture Answer % Correct
Reputation
98%
Speak Now TV
86%
Red
79%
The Tortured Poets Department
76%
Lover
71%
Evermore
62%
No matching quizzes found
Score Distribution
Percent of People with Each Score
Percentile by Number Answered
Your Score History
You have not taken this quiz